| 000 | 01318cam a22004093a 4500 | ||
|---|---|---|---|
| 001 | 13293582 | ||
| 003 | OSt | ||
| 005 | 20140310184336.0 | ||
| 008 | 960515s1996 nyu j 000 1 eng d | ||
| 010 | _a 2003586086 | ||
| 020 | _a0439573610 | ||
| 035 | _a(OCoLC)ocm34734344 | ||
| 040 |
_aJBL _cJBL _dSLC _dOCL _dDLC |
||
| 042 | _alccopycat | ||
| 050 | 0 | 0 |
_aPZ 7 _b.St859 1996 |
| 082 |
_aKF _bS5g 1996 |
||
| 100 | 1 |
_aStine, R. L. _93762 |
|
| 245 | 1 | 0 |
_aSay cheese and die-- again! / _cR.L. Stine. |
| 260 |
_aNew York : _bScholastic, _c1996 |
||
| 300 |
_a115 p. _c20 cm. |
||
| 490 | 1 |
_aGoosebumps ; _v#44 |
|
| 500 | _a"An Apple paperback." | ||
| 500 | _a"A Parachute Press book"--T.p. verso. | ||
| 520 | _aBad things happen when Greg determines to convince his English teacher of the powers of the evil camera. | ||
| 521 | _aG2 | ||
| 526 | _c440 | ||
| 562 | _eFor Scholastic Reading Center. 2 copy available | ||
| 650 | 0 |
_aHorror tales. _93763 |
|
| 655 | 7 |
_aHorror fiction. _2gsafd _93405 |
|
| 710 | 2 |
_aCopyright Paperback Collection (Library of Congress) _5DLC _9705 |
|
| 800 | 1 |
_aStine, R. L. _tGoosebumps ; _v#44. _96081 |
|
| 906 |
_a7 _bcbc _ccopycat _d2 _encip _f20 _gy-genrareb |
||
| 942 |
_2lcc _cBK-SCHOLAS |
||
| 999 |
_c33733 _d33733 |
||